000 nam a22 a 4500
999 _c389964
_d389964
003 BLK
005 20201012101925.0
008 201012b bu ||||| |||| 00| 0 bu d
040 _aBLK
041 _aBUL
_cBUL
080 _aРуска литература
_b821.161.1
_x-4
_z821.161.1
100 _9246289
_aТолстой, Лев Николаевич
_eпърви автор
245 _aИзповедта на графа Л. Н. Толстой
_bВстъпвание към ненапечатано съчинение
_cПрев. Д. Стерев
260 _9216043
_aРусе
_bскоропеч. на сп. Народен учител
_c1889
_fРусе : скоропеч. Ст. Ив. Роглев
300 _a84 с.
_c25 см
380 _aX
490 _9435080
_aКолекция Редки и ценни издания
700 _9966
_aСтерев, Димитър
_eпрев.
852 _aРб 889
_bРц
942 _cKNG
_n0
_s1
944 _aCR
_c2020-10-12
_kВЙ